000 01058cam a22003017a 4500
003 CHAP
005 20220329134738.0
008 971013s r 00010 d
010 _a25176
011 _a26148
035 _a30248
040 _cCHAP
090 _aFolleto 3933
110 _aCommonwealth Scientific and Industrial Research Organization. Division of Land Research and Regional Survey
_926038
245 0 _aCurrent projects on plant ecology in the Pacific area
260 _aCanberra :
_bThe Commonwealth,
_c19 -
300 _av.
500 _a---- Supplement to Pamphlet No. 1. Canberra, 1964. 25 p.
590 _aBATCH-UPD
_b10
_c20130110
_lUCH01
_h1913
590 _aBATCH-UPD
_b10
_c20130410
_lUCH01
_h1240
590 _aBATCH-UPD
_b10
_c20130914
_lUCH01
_h1250
590 _aCONVERSION
_b10
_c20130109
_lUCH01
_h1315
650 1 4 _aEcología vegetal
_xInvestigación.
_935191
901 _aBK
942 _cFOLL
949 _aFolleto 3933
_bBC
_cFOLL
_d-69990
_eTS1
_i30248
_mD
_si
949 _aFolleto 3933
_bBC
_cFOLL
_d-69991
_eTS2
_fc.2
_i30248
_si
999 _c25176
_d25176